000 01187nji a22003017a 4500
005 20100921114557.0
006 a|||||r|||||00| 0
007 sd ammalaaahaa
008 100830t xxu||||| |||| 00| 0 eng d
028 _aSHFLP-1/1366
_bSuper; T-Series
035 _aGR-05175
040 _aSED
_cSED
100 _917455
_aPaudwal, Anuradha
245 _aDil /
_csung by Anuradha Paudwala [and] Udit Narayan; lyric by Sameer; music by Anand-Millind
_h[sound recording] :
246 _aदिल /
260 _aDum Dum, India
_bSuper; T-Series
_c1990
300 _a1 sound disc [Gramophone Recording]:
_banalog, 33 1/3 rpm
_c12.5 in. (LP)
_fGramophone Record
500 _aBrief Record
500 _aRecord labels : Super; T-Series, Red
505 _aSide-1 (Dil kho gaya) (Anuradha Paudwal [and] Udit Narayan) Side-2 (Hum pyar karne wale) (Anuradha Paudwal [and] Udit Narayan)
600 _aPaudwal, Anuradha
_920359
650 _aFilm Song
_xExcerpts
_zIndia
_920876
700 _aNarayan, Udit
_920871
700 _aSameer
_920877
700 _aAnand-Millind
_920903
942 _2ddc
_cGR
999 _c47187
_d47187